000 01657nam a2200445 c 4500
001 51870
003 ES-MaCES
005 20210729112601.0
008 210716s2020 sp | 000 | spa d
017 _aGR 1096-2020
_bDL
020 _a9788490459591
040 _aES-MaCES
_bspa
_cES-MaCES
041 0 _aspa
_aeng
100 1 _940015
_aGuindo Morales, Sara
245 1 0 _aCaracterización jurídica y causas del despido objetivo en la normativa, doctrina y jurisprudencia tras las recientes reformas laborales
_cSara Guindo Morales
260 _aGranada
_bComares
_c2020
300 _aXIX, 339 p.
_c24 cm
490 1 _aColección Trabajo y Seguridad Social
_v128
490 1 _aBiblioteca Comares de ciencia jurídica
500 _aTextos en español e inglés
504 _aBibliografía: p. [313]-339
541 _cCompra
650 4 _adespido por causas objetivas
_931585
650 4 _alegislación del trabajo
_927166
650 4 _areforma legislativa
_929892
650 4 _aderecho del trabajo
_927165
650 4 _aderecho jurisprudencial
_929863
650 4 _adoctrina jurídica
_930888
650 4 _aEspaña
_926964
650 4 _arégimen jurídico
_929894
653 1 0 _aDerecho del trabajo y Seguridad Social
700 1 _918830
_aMonereo Pérez, José Luis
_edir.
700 1 _925877
_aVila Tierno, Francisco
_edir.
700 1 _96117
_aÁlvarez Cortés, Juan Carlos
_eaut. y dir.
700 1 _916923
_aLópez Insua, Belén del Mar
_ecoord.
830 0 _aColección Trabajo y Seguridad Social
_v128
_933762
830 0 _aBiblioteca Comares de ciencia jurídica
_932174
902 _aLIB Libro
942 _2CES
_cBK
_h6.0.1.
999 _c51870
_d51870